000 00555nmm a2200169Ia 4500
008 251105s9999||||xx |||||||||||||||||und||
020 _a9781643360607
041 _aeng
100 _aNeuffer, Claude
245 0 _aCorrect Mispronunciations of South Carolina Names
264 _a[Washington, Estados Unidos] :
_bUniversity of South Carolina Press,
_c[Fecha de publicación no identificada]
300 _a0 pƔginas
700 _aNeuffer, Claude
700 1 _a Neuffer, Irene
856 _uhttps://public.digitaliapublishing.com/a/83742
942 _cCF
999 _c69333
_d69333